| 000 | 01324nam a2200277 a 4500 | ||
|---|---|---|---|
| 001 | BRCA_5391 | ||
| 005 | 20190320205046.0 | ||
| 008 | 091210s1815----mx-####f#v---#000-0#spa-# | ||
| 041 | _aspa | ||
| 044 | _amx | ||
| 084 |
_aDOC18 _b.C35 _c1815 |
||
| 100 | 1 |
_aCalleja, Félix María _cVirrey de Nueva España _d1753-1828 _913788 |
|
| 245 | 1 | 0 |
_aDocumento autógrafa de Don Félix María Calleja _cFélix María Calleja. |
| 260 |
_aMéxico _c1815 |
||
| 300 |
_a[2] fojas _c21 x 15 cm |
||
| 500 | _aCarta firmada el 14 de noviembre de 1815 | ||
| 500 | _aCarta autógrafa de Don Felix Calleja, dirigida al señor intendente de Guadalajara. En ella pide a la mayor brevedad, noticia de los bienes embargados a los rebeldes en el juzgado de dicha intendencia, a fin de proceder a su inmediata enagenación. | ||
| 500 | _aEl documento tiene la leyenda DOC. #27 | ||
| 500 | _aEstado de conservación: contiene manchas de acidez y anotaciones de color rojo | ||
| 506 | 0 | _aFondo reservado: para su consulta es necesario credencial de usuario y carta de motivos | |
| 546 | _aTexto en: español a principios del siglo XIX | ||
| 600 | 1 | 4 |
_aCalleja, Félix María _cVirrey de Nueva España _d1753-1828 _913788 |
| 651 | 4 |
_aMéxico _vManuscrito _xHistoria _yGuerra de Independencia, 1810-1821 _912432 |
|
| 902 | _aFDH | ||
| 942 |
_2lcc _cD |
||
| 999 |
_c5085 _d5085 |
||